[Event "Le Touquet op 20th"]
[Site "Le Touquet"]
[Date "2005.10.27"]
[Round "6"]
[White "Windels, Jan"]
[Black "Robert, Frederic"]
[Result "1-0"]
[WhiteElo "2001"]
[BlackElo "1981"]
[PlyCount "69"]
[EventDate "2005.10.23"]
[EventType "swiss"]
[EventRounds "9"]
[EventCountry "FRA"]
[SourceTitle "EXT 2006"]
[Source "ChessBase"]
[SourceDate "2005.11.24"]
[SourceVersion "1"]
[SourceVersionDate "2005.11.24"]
[SourceQuality "1"]

1. e4 e5 2. f4 Bc5 3. Nf3 d6 4. c3 Nf6 5. d4 exd4 6. cxd4 Bb6 7. Nc3 0-0 8. Be2 c5 9. d5 Nbd7 10. e5 dxe5 11. fxe5 Ng4 12. e6 fxe6 13. Ng5 Nf2 14. Qc2 g6 15. Nxe6 Qf6 16. Bg5 Qe5 17. Rf1 c4 18. Nxf8 Nd3+ 19. Kd1 Qxg5 20. Ne6 Qe3 21. Bxd3 cxd3 22. Qd2 h6 23. Qxe3 Bxe3 24. Rf3 Bg5 25. Ne4 Ne5 26. Rf8+ Kh7 27. N4xg5+ hxg5 28. Nxg5+ Kg7 29. Ne6+ Bxe6 30. Rxa8 Bxd5 31. Kd2 Bxg2 32. Rxa7 Kf6 33. Ke3 Kf5 34. Ra5 b6 35. Rxe5+ 1-0

[Event "Le Touquet op 20th"]
[Site "Le Touquet"]
[Date "2005.10.23"]
[Round "1"]
[White "Caudiu, Eric"]
[Black "Robert, Frederic"]
[Result "1/2-1/2"]
[WhiteElo "1969"]
[BlackElo "1981"]
[PlyCount "76"]
[EventDate "2005.10.23"]
[EventType "swiss"]
[EventRounds "9"]
[EventCountry "FRA"]
[SourceTitle "EXT 2006"]
[Source "ChessBase"]
[SourceDate "2005.11.24"]
[SourceVersion "1"]
[SourceVersionDate "2005.11.24"]
[SourceQuality "1"]

1. d4 Nf6 2. c4 g6 3. Nc3 Bg7 4. e4 d6 5. Nf3 0-0 6. Be2 e5 7. 0-0 Nc6 8. d5 Ne7 9. b4 Nh5 10. Re1 f5 11. Ng5 Nf6 12. Bf3 h6 13. Ne6 Bxe6 14. dxe6 Qc8 15. Bb2 Qxe6 16. Rc1 f4 17. Nb5 Qd7 18. Rc2 a6 19. Nc3 g5 20. h3 Ng6 21. Rd2 Qe7 22. Nd5 Nxd5 23. Rxd5 Rad8 24. Qb3 Kh8 25. Red1 Nh4 26. a3 Qf6 27. Qd3 Qg6 28. c5 Rf6 29. Bxe5 Re6 30. Bxg7+ Qxg7 31. Qd4 Rde8 32. Qxg7+ Kxg7 33. cxd6 cxd6 34. Rxd6 Kf6 35. a4 Nxf3+ 36. gxf3 Rc8 37. Rd7 b5 38. axb5 axb5 1/2-1/2

[Event "FRA-chT2W 0203"]
[Site "France"]
[Date "2002.10.13"]
[Round "1"]
[White "Robert, Frederic"]
[Black "Lafolie, Arnaud"]
[Result "1-0"]
[WhiteElo "2100"]
[BlackElo "1950"]
[PlyCount "71"]
[EventDate "2002.10.??"]
[EventType "team"]
[EventRounds "11"]
[EventCountry "FRA"]
[SourceTitle "EXT 2004"]
[Source "ChessBase"]
[SourceDate "2003.11.25"]
[SourceVersion "1"]
[SourceVersionDate "2003.11.25"]
[SourceQuality "1"]
[WhiteTeam "Migne Auxances"]
[BlackTeam "Bordeaux II"]
[WhiteTeamCountry "FRA"]
[BlackTeamCountry "FRA"]

1. e4 d6 2. d4 Nf6 3. Bd3 e5 4. c3 Be7 5. Ne2 Bg4 6. f3 Bh5 7. Nd2 Nfd7 8. Nf1 Bg6 9. Nfg3 c5 10. f4 exf4 11. Bxf4 Nc6 12. d5 Nce5 13. Bb5 a6 14. Bxd7+ Nxd7 15. 0-0 0-0 16. Qd2 Nb6 17. Rad1 Bf6 18. Nf5 Bxf5 19. exf5 Nc4 20. Qc1 Be5 21. b3 Bxf4 22. Qxf4 Ne5 23. f6 Qxf6 24. Qxf6 gxf6 25. Rxf6 Rad8 26. Ng3 Ng4 27. Rf5 h6 28. Rf4 Ne5 29. Rh4 Kh7 30. Rf1 Rh8 31. Nf5 Kg6 32. Rh3 f6 33. Rg3+ Kf7 34. Rg7+ Kf8 35. Rxb7 Rg8 36. Nxh6 1-0

[Event "Arthur Andersen Trophy 11th"]
[Site "Neuilly"]
[Date "2001.04.07"]
[Round "3"]
[White "Macard, Olivier"]
[Black "Robert, Frederic"]
[Result "0-1"]
[WhiteElo "1499"]
[BlackElo "1910"]
[PlyCount "68"]
[EventDate "2001.04.??"]
[EventType "swiss (rapid)"]
[EventRounds "7"]
[EventCountry "FRA"]
[SourceTitle "EXT 2005"]
[Source "ChessBase"]
[SourceDate "2004.11.15"]
[SourceVersion "1"]
[SourceVersionDate "2004.11.15"]
[SourceQuality "1"]

1. e4 e6 2. d4 d5 3. e5 c5 4. c3 Bd7 5. Nf3 Qb6 6. a3 Bb5 7. Bd3 Nc6 8. Be3 Bxd3 9. Qxd3 Qxb2 10. 0-0 c4 11. Qd1 Qxa1 12. Qa4 Qb2 13. Nbd2 Qxa3 14. Qb5 Qa6 15. Qb2 Qb6 16. Qc2 Qc7 17. Rb1 Nge7 18. Nf1 Nf5 19. Bd2 Be7 20. Ne3 Nxe3 21. Bxe3 0-0 22. h4 Rab8 23. g4 b5 24. Bg5 b4 25. cxb4 Nxb4 26. Qd2 Nd3 27. Rf1 Rb2 28. Qe3 Rfb8 29. h5 R8b3 30. Nd2 Ra3 31. f4 Raa2 32. Rd1 Bxg5 33. fxg5 Qa5 34. Nf3 Re2 0-1